[Event "2FoglarVeterans_SIM_B"]
[Site "?"]
[Date "2006.??.??"]
[Round "?"]
[White "Schwarz, Jan"]
[Black "Ottesen, Soren Rud"]
[Result "1/2-1/2"]
[WhiteElo "2295"]
[BlackElo "2359"]
[PlyCount "72"]
[EventDate "2006.??.??"]
[EventType "corr"]
[SourceDate "2006.06.05"]

1. e4 c5 2. Nf3 d6 3. d4 cxd4 4. Nxd4 Nf6 5. Nc3 a6 6. f3 e6 7. Be3 b5 8. g4 b4
9. Nce2 d5 10. g5 Nh5 11. exd5 Qxd5 12. c4 Qe5 13. Qd3 Bb7 14. Bh3 Be7 15. f4
Qc7 16. O-O Nd7 17. Rad1 Rd8 18. Qc2 O-O 19. Bg4 g6 20. Bxh5 gxh5 21. h4 Bc5
22. Kh2 Rfe8 23. Ng3 Kh8 24. Qf2 e5 25. Ndf5 Bxe3 26. Qxe3 Qc6 27. Rd2 exf4 28.
Qxf4 Ne5 29. Qxe5+ Rxe5 30. Rxd8+ Re8 31. Rxe8+ Qxe8 32. Nd6 Qb8 33. Rf6 Kg8
34. Ngf5 Be4 35. Nh6+ Kh8 36. Nhxf7+ Kg7 1/2-1/2

[Event "2FoglarVeterans_SIM_B"]
[Site "?"]
[Date "2006.??.??"]
[Round "?"]
[White "Ottesen, Soren Rud"]
[Black "Leemans, Robert"]
[Result "1/2-1/2"]
[WhiteElo "2359"]
[BlackElo "2330"]
[PlyCount "57"]
[EventDate "2006.??.??"]
[EventType "corr"]
[SourceDate "2006.06.05"]

1. e4 c5 2. Nf3 d6 3. d4 cxd4 4. Nxd4 Nf6 5. Nc3 a6 6. Bg5 e6 7. f4 h6 8. Bh4
Nc6 9. Nxc6 bxc6 10. e5 g5 11. Bf2 Nd5 12. Ne4 gxf4 13. c4 Ne3 14. Bxe3 fxe3
15. Nxd6+ Bxd6 16. Qxd6 Qxd6 17. exd6 Rb8 18. O-O-O c5 19. Be2 Bb7 20. Rhe1
Bxg2 21. Bh5 Kd7 22. Rxe3 Rh7 23. Rd2 Ba8 24. Re5 Rc8 25. Bd1 Rg7 26. Rh5 Rg6
27. Rh3 f5 28. Ra3 Bb7 29. Rb3 1/2-1/2

[Event "2FoglarVeterans_SIM_B"]
[Site "?"]
[Date "2006.??.??"]
[Round "?"]
[White "Ottesen, Soren Rud"]
[Black "Nowak, Ireneusz"]
[Result "1/2-1/2"]
[WhiteElo "2359"]
[BlackElo "2327"]
[PlyCount "47"]
[EventDate "2006.??.??"]
[EventType "corr"]
[SourceDate "2006.06.05"]

1. e4 c5 2. Nf3 d6 3. d4 cxd4 4. Nxd4 Nf6 5. Nc3 a6 6. Be3 e5 7. Nb3 Be6 8. f3
Be7 9. Qd2 O-O 10. O-O-O Nbd7 11. g4 b5 12. g5 b4 13. Ne2 Ne8 14. f4 a5 15. f5
a4 16. Nbd4 b3 17. Kb1 exd4 18. Nxd4 bxa2+ 19. Ka1 Nc5 20. fxe6 fxe6 21. Bc4
Qd7 22. Rhf1 Rxf1 23. Rxf1 Nxe4 24. Qg2 1/2-1/2

[Event "2FoglarVeterans_SIM_B"]
[Site "?"]
[Date "2006.??.??"]
[Round "?"]
[White "Stepanov, Konstantin V."]
[Black "Buchaillot, Luis Mario"]
[Result "1-0"]
[WhiteElo "2382"]
[BlackElo "2182"]
[PlyCount "48"]
[EventDate "2006.??.??"]
[EventType "corr"]
[SourceDate "2006.06.05"]

1. d4 Nf6 2. c4 e6 3. Nc3 Bb4 4. Nf3 c5 5. g3 Nc6 6. Bg2 Qa5 7. O-O Bxc3 8.
bxc3 Qxc3 9. Bf4 Qxc4 10. Rc1 Qxa2 11. dxc5 Nd5 12. Bd6 b5 13. e4 Nf6 14. e5
Nd5 15. Ng5 h6 16. Qh5 g6 17. Qh4 Nd4 18. Qxd4 hxg5 19. c6 Qa4 20. Qc5 Qa6 21.
Bxd5 exd5 22. e6 dxc6 23. Qd4 Rh7 24. Qf6 Qb7 1-0

[Event "2FoglarVeterans_SIM_B"]
[Site "?"]
[Date "2006.??.??"]
[Round "?"]
[White "Canibal, Jaromir"]
[Black "Vrbica, Ladislav"]
[Result "0-1"]
[WhiteElo "2221"]
[BlackElo "2346"]
[PlyCount "34"]
[EventDate "2006.??.??"]
[EventType "corr"]
[SourceDate "2006.06.05"]

1. e4 c5 2. c3 d5 3. exd5 Qxd5 4. d4 Nf6 5. Nf3 Bg4 6. Be2 e6 7. h3 Bh5 8. O-O
Nc6 9. Be3 cxd4 10. cxd4 Bb4 11. a3 Ba5 12. Nc3 Qd6 13. Nb5 Qe7 14. Ne5 Bxe2
15. Qxe2 O-O 16. Rac1 a6 17. Qf3 axb5 0-1

[Event "2FoglarVeterans_SIM_B"]
[Site "?"]
[Date "2006.??.??"]
[Round "?"]
[White "Buchaillot, Luis Mario"]
[Black "Schwarz, Jan"]
[Result "0-1"]
[WhiteElo "2182"]
[BlackElo "2295"]
[PlyCount "86"]
[EventDate "2006.??.??"]
[EventType "corr"]
[SourceDate "2006.06.05"]

1. d4 e6 2. Nd2 d5 3. e4 c5 4. exd5 exd5 5. Bb5+ Bd7 6. Qe2+ Be7 7. dxc5 Nf6 8.
Nb3 O-O 9. Nf3 Re8 10. Be3 Bxc5 11. Nxc5 Qa5+ 12. Qd2 Qxb5 13. O-O-O b6 14.
Nxd7 Nbxd7 15. Kb1 Qc4 16. Qd3 Qc7 17. Rhe1 Rac8 18. c3 a5 19. Bd4 a4 20. Rxe8+
Rxe8 21. a3 Qc6 22. Bxf6 Nxf6 23. Nd4 Qc4 24. Qf5 Qc7 25. g3 Qe5 26. Qxe5 Rxe5
27. f3 g6 28. Nc6 Re3 29. Rd4 Rxf3 30. Rxa4 Rf1+ 31. Ka2 Kg7 32. Rb4 Rf2 33.
Rxb6 Ne4 34. Kb3 Nc5+ 35. Kb4 Nd3+ 36. Kb5 Nxb2 37. Rb7 Nd1 38. Kc5 Rxh2 39.
Ne5 Rf2 40. a4 Nxc3 41. a5 Ra2 42. Rxf7+ Kh6 43. Kc6 Rxa5 0-1

[Event "2FoglarVeterans_SIM_B"]
[Site "?"]
[Date "2006.??.??"]
[Round "?"]
[White "Vrbica, Ladislav"]
[Black "Abegg, Beat"]
[Result "1/2-1/2"]
[WhiteElo "2346"]
[BlackElo "2334"]
[PlyCount "32"]
[EventDate "2006.??.??"]
[EventType "corr"]
[SourceDate "2006.06.05"]

1. d4 d5 2. c4 c6 3. Nc3 Nf6 4. cxd5 cxd5 5. Nf3 Nc6 6. Bf4 Bf5 7. e3 e6 8. Bb5
Nd7 9. O-O Rc8 10. Qa4 a6 11. Bxc6 Rxc6 12. Rfc1 Be7 13. Ne2 Qb6 14. Rxc6 bxc6
15. Rc1 Bd3 16. Qd1 Bxe2 1/2-1/2

[Event "2FoglarVeterans_SIM_B"]
[Site "?"]
[Date "2006.??.??"]
[Round "?"]
[White "Shaw, Sidney S."]
[Black "Buchaillot, Luis Mario"]
[Result "1-0"]
[WhiteElo "2319"]
[BlackElo "2182"]
[PlyCount "27"]
[EventDate "2006.??.??"]
[EventType "corr"]
[SourceDate "2006.06.05"]

1. d4 Nf6 2. c4 e6 3. Nc3 Bb4 4. e3 c5 5. Nge2 cxd4 6. exd4 d5 7. c5 Nc6 8. a3
Ba5 9. b4 Bc7 10. g3 O-O 11. Bg2 a6 12. O-O b6 13. Bg5 h6 14. Bf4 1-0

[Event "2FoglarVeterans_SIM_B"]
[Site "?"]
[Date "2006.??.??"]
[Round "?"]
[White "Buchaillot, Luis Mario"]
[Black "Canibal, Jaromir"]
[Result "0-1"]
[WhiteElo "2182"]
[BlackElo "2221"]
[PlyCount "38"]
[EventDate "2006.??.??"]
[EventType "corr"]
[SourceDate "2006.06.05"]

1. d4 Nf6 2. Nf3 g6 3. Nbd2 Bg7 4. e4 d6 5. c3 O-O 6. Be2 Nc6 7. O-O e5 8. Qc2
Nh5 9. Nb3 exd4 10. cxd4 d5 11. e5 f6 12. Bb5 fxe5 13. Bxc6 Rxf3 14. gxf3 Bf5
15. Qc3 exd4 16. Nxd4 bxc6 17. Qc5 Bxd4 18. Qxd4 Ng7 19. Re1 Ne6 0-1

[Event "2FoglarVeterans_SIM_B"]
[Site "?"]
[Date "2006.??.??"]
[Round "?"]
[White "Buchaillot, Luis Mario"]
[Black "Ottesen, Soren Rud"]
[Result "0-1"]
[WhiteElo "2182"]
[BlackElo "2359"]
[PlyCount "87"]
[EventDate "2006.??.??"]
[EventType "corr"]
[SourceDate "2006.06.05"]

1. d4 Nf6 2. Nf3 d5 3. Nbd2 e6 4. e3 c5 5. c3 Nc6 6. Bd3 Bd6 7. O-O O-O 8. dxc5
Bxc5 9. e4 Qc7 10. exd5 exd5 11. Nb3 Bb6 12. Nbd4 Re8 13. Qb3 Bg4 14. Bg5 Na5
15. Qc2 Ne4 16. Bh4 f5 17. Bb5 Nc6 18. Qb3 Qd6 19. h3 Bxf3 20. Nxf3 Kh8 21. a4
Ne5 22. Nxe5 Rxe5 23. a5 Bc5 24. Bd3 g5 25. Bxe4 Rxe4 26. Bxg5 Rg8 27. h4 h6
28. Rad1 hxg5 29. Qxd5 Qc7 30. h5 Re5 31. Qd2 Be7 32. Qd7 Qb8 33. a6 bxa6 34.
Rfe1 Rd8 35. Qc6 Rd6 36. Qf3 Kg7 37. g4 fxg4 38. Qxg4 Rxd1 39. Qxd1 Bc5 40. Re2
Qe8 41. Rxe5 Qxe5 42. Qc2 Qg3+ 43. Kf1 Qh3+ 44. Kg1 0-1

[Event "2FoglarVeterans_SIM_B"]
[Site "?"]
[Date "2006.??.??"]
[Round "?"]
[White "Buchaillot, Luis Mario"]
[Black "Vrbica, Ladislav"]
[Result "0-1"]
[WhiteElo "2182"]
[BlackElo "2346"]
[PlyCount "58"]
[EventDate "2006.??.??"]
[EventType "corr"]
[SourceDate "2006.06.05"]

1. d4 d5 2. e3 Nf6 3. Bd3 Nc6 4. Nf3 Bg4 5. Bb5 e6 6. h3 Bxf3 7. Qxf3 Qd7 8. c3
a6 9. Ba4 Ne4 10. Nd2 f5 11. Nxe4 fxe4 12. Qg4 Bd6 13. f3 exf3 14. gxf3 O-O-O
15. Bd2 Qf7 16. f4 Nb8 17. Bc2 Nd7 18. O-O-O Kb8 19. Kb1 g6 20. Qe2 c5 21. dxc5
Bxc5 22. e4 Rhe8 23. Rhf1 Nf6 24. exd5 exd5 25. Qf3 Ne4 26. Bc1 Qc7 27. c4 Nd6
28. cxd5 Nf5 29. Rfe1 Nd4 0-1

[Event "2FoglarVeterans_SIM_B"]
[Site "?"]
[Date "2006.??.??"]
[Round "?"]
[White "Peczkowski, Marek"]
[Black "Canibal, Jaromir"]
[Result "1-0"]
[WhiteElo "2322"]
[BlackElo "2221"]
[PlyCount "29"]
[EventDate "2006.??.??"]
[EventType "corr"]
[SourceDate "2006.06.05"]

1. e4 e5 2. Nf3 Nc6 3. Bb5 a6 4. Ba4 Nf6 5. O-O Be7 6. Re1 b5 7. Bb3 O-O 8. c3
d5 9. exd5 Nxd5 10. Nxe5 Nxe5 11. Rxe5 c6 12. d4 Bd6 13. Re1 Qh4 14. g3 Qxg3+
15. fxg3 1-0

[Event "2FoglarVeterans_SIM_B"]
[Site "?"]
[Date "2006.??.??"]
[Round "?"]
[White "Peczkowski, Marek"]
[Black "Buchaillot, Luis Mario"]
[Result "1-0"]
[WhiteElo "2322"]
[BlackElo "2182"]
[PlyCount "31"]
[EventDate "2006.??.??"]
[EventType "corr"]
[SourceDate "2006.06.05"]

1. e4 c6 2. d4 d5 3. Nc3 dxe4 4. Nxe4 Bf5 5. Ng3 Bg6 6. h4 h6 7. Nf3 Nd7 8. h5
Bh7 9. Bd3 Bxd3 10. Qxd3 Ngf6 11. Bd2 e6 12. O-O-O Be7 13. Qe2 O-O 14. Ne5 c5
15. dxc5 Nxc5 16. Bc3 1-0

[Event "2FoglarVeterans_SIM_B"]
[Site "?"]
[Date "2006.??.??"]
[Round "?"]
[White "Leemans, Robert"]
[Black "Buchaillot, Luis Mario"]
[Result "1-0"]
[WhiteElo "2330"]
[BlackElo "2182"]
[PlyCount "57"]
[EventDate "2006.??.??"]
[EventType "corr"]
[SourceDate "2006.06.05"]

1. e4 c5 2. Nf3 Nf6 3. Nc3 Nc6 4. d4 d5 5. exd5 Nxd5 6. dxc5 Nxc3 7. Qxd8+ Kxd8
8. bxc3 f6 9. Be3 e5 10. Nd2 Kc7 11. Bc4 Be7 12. O-O-O Bf5 13. f3 Rad8 14. h4
Bc8 15. Ne4 f5 16. Ng5 f4 17. Bf2 Rxd1+ 18. Rxd1 Bxg5 19. hxg5 Rf8 20. Bd5 Rf5
21. Bh4 Ne7 22. Be4 Rf8 23. g4 Be6 24. a3 Bf7 25. Bf2 Re8 26. Rd6 Bg6 27. Re6
Nc8 28. Rxe8 Bxe8 29. Kd2 1-0

[Event "2FoglarVeterans_SIM_B"]
[Site "?"]
[Date "2006.??.??"]
[Round "?"]
[White "Nosek, Jaroslav"]
[Black "Buchaillot, Luis Mario"]
[Result "1-0"]
[WhiteElo "2280"]
[BlackElo "2182"]
[PlyCount "49"]
[EventDate "2006.??.??"]
[EventType "corr"]
[SourceDate "2006.06.05"]

1. e4 e6 2. d4 d5 3. Nc3 Nf6 4. Bg5 Bb4 5. e5 h6 6. Bd2 Bxc3 7. bxc3 Ne4 8. Qg4
Kf8 9. Bd3 Nxd2 10. Kxd2 c5 11. Nf3 Qa5 12. h4 Nc6 13. Qf4 Kg8 14. Rhb1 b6 15.
Qe3 Ba6 16. a4 Bxd3 17. cxd3 cxd4 18. Nxd4 Rc8 19. Rb5 Qa6 20. Nxc6 Rxc6 21.
Qd4 Qb7 22. a5 Kh7 23. axb6 axb6 24. Rab1 Rb8 25. g3 1-0

[Event "2FoglarVeterans_SIM_B"]
[Site "?"]
[Date "2006.??.??"]
[Round "?"]
[White "Ottesen, Soren Rud"]
[Black "Peczkowski, Marek"]
[Result "0-1"]
[WhiteElo "2359"]
[BlackElo "2322"]
[PlyCount "46"]
[EventDate "2006.??.??"]
[EventType "corr"]
[SourceDate "2006.06.05"]

1. e4 c5 2. Nf3 d6 3. d4 cxd4 4. Nxd4 Nf6 5. Nc3 a6 6. Be3 e5 7. Nb3 Be7 8. f3
Be6 9. Qd2 O-O 10. O-O-O Nbd7 11. g4 b5 12. g5 b4 13. gxf6 bxc3 14. Qxc3 Nxf6
15. Na5 Qd7 16. Qc6 Qd8 17. Nb7 Qb8 18. Nxd6 Rd8 19. Nc4 Rc8 20. Qa4 Bc5 21.
Bxc5 Rxc5 22. Rg1 Qc7 23. Re1 Bxc4 0-1

[Event "2FoglarVeterans_SIM_B"]
[Site "?"]
[Date "2006.??.??"]
[Round "?"]
[White "Leemans, Robert"]
[Black "Peczkowski, Marek"]
[Result "1/2-1/2"]
[WhiteElo "2330"]
[BlackElo "2322"]
[PlyCount "35"]
[EventDate "2006.??.??"]
[EventType "corr"]
[SourceDate "2006.06.05"]

1. d4 Nf6 2. c4 e6 3. Nc3 Bb4 4. f3 d5 5. a3 Bxc3+ 6. bxc3 c5 7. cxd5 Nxd5 8.
dxc5 Qa5 9. e4 Nf6 10. Be3 O-O 11. Kf2 Nfd7 12. Rb1 Rd8 13. Qb3 Qc7 14. Rd1 Rf8
15. Qb4 Nc6 16. Qa4 Nce5 17. Qd4 Nc6 18. Qa4 1/2-1/2

[Event "2FoglarVeterans_SIM_B"]
[Site "?"]
[Date "2006.??.??"]
[Round "?"]
[White "Vrbica, Ladislav"]
[Black "Stepanov, Konstantin V."]
[Result "1/2-1/2"]
[WhiteElo "2346"]
[BlackElo "2382"]
[PlyCount "47"]
[EventDate "2006.??.??"]
[EventType "corr"]
[SourceDate "2006.06.05"]

1. d4 d5 2. c4 c6 3. Nc3 Nf6 4. e3 a6 5. Nf3 b5 6. b3 Bg4 7. h3 Bxf3 8. gxf3
Nbd7 9. f4 e6 10. c5 g6 11. Bd3 Ng8 12. Bb2 Ne7 13. Qd2 Bg7 14. Ne2 Nf5 15.
O-O-O Nf6 16. Kb1 a5 17. a3 Qd7 18. f3 a4 19. b4 Nh5 20. e4 Ne7 21. Rhg1 O-O-O
22. Qe3 Rhe8 23. e5 Kb7 24. Bc1 1/2-1/2

[Event "2FoglarVeterans_SIM_B"]
[Site "?"]
[Date "2006.??.??"]
[Round "?"]
[White "Vrbica, Ladislav"]
[Black "Nosek, Jaroslav"]
[Result "1/2-1/2"]
[WhiteElo "2346"]
[BlackElo "2280"]
[PlyCount "41"]
[EventDate "2006.??.??"]
[EventType "corr"]
[SourceDate "2006.06.05"]

1. c4 Nf6 2. Nc3 e5 3. Nf3 Nc6 4. g3 Bb4 5. Nd5 Bc5 6. d3 Nxd5 7. cxd5 Nd4 8.
Bg2 Nxf3+ 9. Bxf3 O-O 10. O-O d6 11. Bg2 a5 12. Be3 Bxe3 13. fxe3 Bd7 14. Rc1
Rc8 15. Qd2 c6 16. d4 Qg5 17. Qd3 a4 18. b4 axb3 19. axb3 cxd5 20. Rxc8 Bxc8
21. Bxd5 1/2-1/2

[Event "2FoglarVeterans_SIM_B"]
[Site "?"]
[Date "2006.??.??"]
[Round "?"]
[White "Abegg, Beat"]
[Black "Ottesen, Soren Rud"]
[Result "1/2-1/2"]
[WhiteElo "2334"]
[BlackElo "2359"]
[PlyCount "70"]
[EventDate "2006.??.??"]
[EventType "corr"]
[SourceDate "2006.06.05"]

1. d4 Nf6 2. Bg5 Ne4 3. Bf4 c5 4. f3 Qa5+ 5. c3 Nf6 6. Nd2 cxd4 7. Nb3 Qb6 8.
Qxd4 Nc6 9. Qxb6 axb6 10. Be3 d5 11. Bxb6 e5 12. e4 Be6 13. Bb5 dxe4 14. Nc5
Bxc5 15. Bxc5 Kd7 16. a4 Kc7 17. b4 b6 18. Bf2 Kb7 19. Bg3 Bd5 20. Be2 Rhe8 21.
a5 bxa5 22. b5 Ne7 23. Bxe5 e3 24. c4 Be6 25. c5 Nfd5 26. g4 f6 27. Bd6 a4 28.
Bd3 Nc8 29. Bg3 a3 30. Ne2 Nb4 31. Be4+ Bd5 32. Bxd5+ Nxd5 33. O-O a2 34. Rfd1
Nce7 35. Kf1 Kc8 1/2-1/2

[Event "2FoglarVeterans_SIM_B"]
[Site "?"]
[Date "2006.??.??"]
[Round "?"]
[White "Abegg, Beat"]
[Black "Leemans, Robert"]
[Result "1/2-1/2"]
[WhiteElo "2334"]
[BlackElo "2330"]
[PlyCount "51"]
[EventDate "2006.??.??"]
[EventType "corr"]
[SourceDate "2006.06.05"]

1. d4 d5 2. c4 c6 3. Nf3 Nf6 4. e3 Bf5 5. Nc3 e6 6. Nh4 g6 7. Nxg6 hxg6 8. g3
Be7 9. Qb3 Qc7 10. Bg2 Nbd7 11. O-O O-O 12. Rd1 Nb6 13. cxd5 exd5 14. a4 a5 15.
f3 c5 16. Nb5 Qd7 17. Bd2 Nc4 18. Be1 cxd4 19. Nxd4 Ra6 20. Kh1 Re8 21. Nb5 Bc5
22. e4 g5 23. Qxc4 dxc4 24. Rxd7 Nxd7 25. Nc7 Rb8 26. Nxa6 1/2-1/2

[Event "2FoglarVeterans_SIM_B"]
[Site "?"]
[Date "2006.??.??"]
[Round "?"]
[White "Leemans, Robert"]
[Black "Nosek, Jaroslav"]
[Result "1/2-1/2"]
[WhiteElo "2330"]
[BlackElo "2280"]
[PlyCount "56"]
[EventDate "2006.??.??"]
[EventType "corr"]
[SourceDate "2006.06.05"]

1. e4 c5 2. Nf3 Nc6 3. d4 cxd4 4. Nxd4 Nf6 5. Nc3 e5 6. Ndb5 d6 7. Bg5 a6 8.
Na3 b5 9. Bxf6 gxf6 10. Nd5 Bg7 11. Bd3 Ne7 12. Nxe7 Qxe7 13. O-O O-O 14. c4 f5
15. Qf3 d5 16. cxd5 fxe4 17. Bxe4 Rb8 18. Rfd1 Qd7 19. d6 Rb6 20. Qd3 Rd8 21.
Rac1 Bf8 22. Rc7 Qxc7 23. Bxh7+ Kg7 24. dxc7 Rxd3 25. Bxd3 Rc6 26. Nc2 f5 27.
Ne3 e4 28. Bb1 Rxc7 1/2-1/2

[Event "2FoglarVeterans_SIM_B"]
[Site "?"]
[Date "2006.??.??"]
[Round "?"]
[White "Abegg, Beat"]
[Black "Nowak, Ireneusz"]
[Result "1/2-1/2"]
[WhiteElo "2334"]
[BlackElo "2327"]
[PlyCount "47"]
[EventDate "2006.??.??"]
[EventType "corr"]
[SourceDate "2006.06.05"]

1. d4 d5 2. c4 e6 3. Nc3 Nf6 4. Bg5 Be7 5. e3 h6 6. Bxf6 Bxf6 7. Nf3 O-O 8. Rc1
c6 9. Bd3 Nd7 10. O-O dxc4 11. Bxc4 e5 12. h3 exd4 13. exd4 Nb6 14. Bb3 Bf5 15.
Re1 Re8 16. Rxe8+ Qxe8 17. Qd2 Qd7 18. Re1 Rd8 19. Qf4 Bg6 20. Ne4 Bxe4 21.
Rxe4 Nd5 22. Qd2 a6 23. Qe1 g6 24. a3 1/2-1/2

[Event "2FoglarVeterans_SIM_B"]
[Site "?"]
[Date "2006.??.??"]
[Round "?"]
[White "Nosek, Jaroslav"]
[Black "Peczkowski, Marek"]
[Result "1/2-1/2"]
[WhiteElo "2280"]
[BlackElo "2322"]
[PlyCount "47"]
[EventDate "2006.??.??"]
[EventType "corr"]
[SourceDate "2006.06.05"]

1. e4 c5 2. Nf3 d6 3. d4 cxd4 4. Nxd4 Nf6 5. Nc3 a6 6. f3 e5 7. Nb3 Be6 8. Be3
Be7 9. Qd2 O-O 10. O-O-O Nbd7 11. g4 b5 12. g5 b4 13. Ne2 Ne8 14. f4 a5 15. Kb1
a4 16. Nbc1 exf4 17. Nxf4 Bxg5 18. Nxe6 Bxe3 19. Nxd8 Bxd2 20. Rxd2 Rxd8 21.
Rd4 Nef6 22. Rxb4 Nc5 23. Bg2 Rfe8 24. Nd3 1/2-1/2

[Event "2FoglarVeterans_SIM_B"]
[Site "?"]
[Date "2006.??.??"]
[Round "?"]
[White "Abegg, Beat"]
[Black "Peczkowski, Marek"]
[Result "1/2-1/2"]
[WhiteElo "2334"]
[BlackElo "2322"]
[PlyCount "37"]
[EventDate "2006.??.??"]
[EventType "corr"]
[SourceDate "2006.06.05"]

1. d4 Nf6 2. Bg5 e6 3. e3 d5 4. Bd3 Be7 5. Nd2 Nbd7 6. f4 b6 7. Ngf3 Bb7 8. Ne5
O-O 9. Qf3 Nxe5 10. fxe5 Ne4 11. Bxe7 Qxe7 12. Bxe4 dxe4 13. Qe2 f5 14. exf6
Qxf6 15. O-O-O Qf2 16. Qxf2 Rxf2 17. Rhg1 Raf8 18. Nc4 Ba6 19. Nd2 1/2-1/2

[Event "2FoglarVeterans_SIM_B"]
[Site "?"]
[Date "2006.??.??"]
[Round "?"]
[White "Shaw, Sidney S."]
[Black "Prchly, Milos"]
[Result "1-0"]
[WhiteElo "2319"]
[BlackElo "2303"]
[PlyCount "21"]
[EventDate "2006.??.??"]
[EventType "corr"]
[SourceDate "2006.06.05"]

1. d4 Nf6 2. Nf3 e6 3. c4 b6 4. g3 Bb7 5. Bg2 Be7 6. Nc3 O-O 7. Qc2 Na6 8. O-O
c5 9. d5 exd5 10. Nh4 Nb4 11. Qd1 1-0

[Event "2FoglarVeterans_SIM_B"]
[Site "?"]
[Date "2006.??.??"]
[Round "?"]
[White "Leemans, Robert"]
[Black "Nowak, Ireneusz"]
[Result "1/2-1/2"]
[WhiteElo "2330"]
[BlackElo "2327"]
[PlyCount "41"]
[EventDate "2006.??.??"]
[EventType "corr"]
[SourceDate "2006.06.05"]

1. d4 d5 2. c4 e6 3. Nc3 Nf6 4. Nf3 Be7 5. Bf4 O-O 6. e3 c5 7. dxc5 Bxc5 8. a3
Nc6 9. Qc2 Qa5 10. Nd2 Be7 11. Bg3 Bd7 12. Be2 Qd8 13. Qd3 dxc4 14. Nxc4 b5 15.
Nd6 b4 16. axb4 Nxb4 17. Qd1 Nbd5 18. O-O Bc6 19. Nxd5 Bxd5 20. Ra6 Ne4 21.
Nxe4 1/2-1/2

[Event "2FoglarVeterans_SIM_B"]
[Site "?"]
[Date "2006.??.??"]
[Round "?"]
[White "Vrbica, Ladislav"]
[Black "Ottesen, Soren Rud"]
[Result "1/2-1/2"]
[WhiteElo "2346"]
[BlackElo "2359"]
[PlyCount "68"]
[EventDate "2006.??.??"]
[EventType "corr"]
[SourceDate "2006.06.05"]

1. d4 Nf6 2. c4 e6 3. Nf3 d5 4. Nc3 c6 5. e3 Nbd7 6. Bd3 dxc4 7. Bxc4 b5 8. Bd3
Bb7 9. O-O a6 10. e4 c5 11. d5 Qc7 12. dxe6 fxe6 13. Bc2 c4 14. Nd4 Nc5 15. Be3
O-O-O 16. Qe2 e5 17. Ndxb5 axb5 18. Nxb5 Qf7 19. b3 Rd7 20. Rfd1 Be7 21. f3
Rhd8 22. bxc4 Rxd1+ 23. Bxd1 Kd7 24. Qb2 Qxc4 25. Be2 Nd3 26. Rd1 Ke8 27. Rxd3
Rxd3 28. Qb1 Bc5 29. Kh1 Bxe3 30. Nd6+ Rxd6 31. Bxc4 Nd7 32. a4 Rd4 33. Bf1 Nc5
34. Qe1 Bg5 1/2-1/2

[Event "2FoglarVeterans_SIM_B"]
[Site "?"]
[Date "2006.??.??"]
[Round "?"]
[White "Vrbica, Ladislav"]
[Black "Leemans, Robert"]
[Result "1/2-1/2"]
[WhiteElo "2346"]
[BlackElo "2330"]
[PlyCount "68"]
[EventDate "2006.??.??"]
[EventType "corr"]
[SourceDate "2006.06.05"]

1. d4 Nf6 2. c4 g6 3. Nc3 Bg7 4. e4 d6 5. Nf3 O-O 6. Be2 e5 7. O-O Na6 8. Re1
c6 9. Bf1 exd4 10. Nxd4 Ng4 11. h3 Qb6 12. hxg4 Qxd4 13. Qf3 Qe5 14. g5 Qe7 15.
Qg3 Nc5 16. Bf4 Be5 17. Rad1 f6 18. gxf6 Rxf6 19. Bxe5 Qxe5 20. b4 Nd7 21. Qe3
a5 22. a3 g5 23. Ne2 axb4 24. axb4 Nf8 25. Nd4 Bg4 26. Be2 Bxe2 27. Nxe2 Ne6
28. Ng3 Ng7 29. c5 dxc5 30. bxc5 Raf8 31. Rd7 R6f7 32. Rxf7 Rxf7 33. Rd1 h5 34.
Qb3 Qe6 1/2-1/2

[Event "2FoglarVeterans_SIM_B"]
[Site "?"]
[Date "2006.??.??"]
[Round "?"]
[White "Schwarz, Jan"]
[Black "Abegg, Beat"]
[Result "1/2-1/2"]
[WhiteElo "2295"]
[BlackElo "2334"]
[PlyCount "88"]
[EventDate "2006.??.??"]
[EventType "corr"]
[SourceDate "2006.06.05"]

1. e4 e6 2. d4 c5 3. d5 exd5 4. exd5 d6 5. Nf3 Nf6 6. c4 Be7 7. Nc3 O-O 8. Bd3
Bg4 9. O-O Nbd7 10. h3 Bh5 11. Bf4 a6 12. Re1 Re8 13. Re3 Bf8 14. Rxe8 Qxe8 15.
g4 Bg6 16. Bxg6 hxg6 17. Qd3 Qb8 18. g5 Ne8 19. Nd2 Ne5 20. Bxe5 dxe5 21. Nf3
b5 22. b3 bxc4 23. bxc4 Qc7 24. Re1 Bd6 25. Ne4 Be7 26. Re2 Bf8 27. Qc3 Nd6 28.
Nxe5 Nf5 29. f4 Rb8 30. Rb2 Rb4 31. Nd3 Rxb2 32. Qxb2 Qa5 33. Kf2 Qa4 34. Qb3
Qa5 35. a4 Qc7 36. Ne5 Nd4 37. Qb2 Qc8 38. Kg3 Nf5+ 39. Kh2 Nd4 40. Qg2 Nf5 41.
Nc6 Qe8 42. Qe2 Nd6 43. Ne5 Nxe4 44. Qxe4 Qxa4 1/2-1/2

[Event "2FoglarVeterans_SIM_B"]
[Site "?"]
[Date "2006.??.??"]
[Round "?"]
[White "Canibal, Jaromir"]
[Black "Stepanov, Konstantin V."]
[Result "1/2-1/2"]
[WhiteElo "2221"]
[BlackElo "2382"]
[PlyCount "45"]
[EventDate "2006.??.??"]
[EventType "corr"]
[SourceDate "2006.06.05"]

1. e4 c5 2. c3 d5 3. exd5 Qxd5 4. d4 Nf6 5. Nf3 e6 6. Na3 Qd8 7. Nc4 Nc6 8.
Nce5 cxd4 9. Nxc6 bxc6 10. Qxd4 Qxd4 11. Nxd4 Bd7 12. Nf3 Bd6 13. Be2 e5 14.
Bg5 h6 15. Bh4 Nd5 16. Bg3 f6 17. O-O-O Bc5 18. Rhe1 Be6 19. Ba6 Kf7 20. Bb7
Rab8 21. Bxc6 Nxc3 22. Nxe5+ fxe5 23. bxc3 1/2-1/2

[Event "2FoglarVeterans_SIM_B"]
[Site "?"]
[Date "2006.??.??"]
[Round "?"]
[White "Ottesen, Soren Rud"]
[Black "Stepanov, Konstantin V."]
[Result "1/2-1/2"]
[WhiteElo "2359"]
[BlackElo "2382"]
[PlyCount "95"]
[EventDate "2006.??.??"]
[EventType "corr"]
[SourceDate "2006.06.05"]

1. e4 c5 2. Nf3 d6 3. d4 cxd4 4. Nxd4 Nf6 5. Nc3 a6 6. f3 e5 7. Nb3 Be6 8. Be3
Nbd7 9. Qd2 b5 10. a4 b4 11. Nd5 Bxd5 12. exd5 Nb6 13. Bxb6 Qxb6 14. a5 Qb7 15.
Bc4 g6 16. Ra4 Rb8 17. Nc1 h5 18. Na2 Bh6 19. Qe2 Qd7 20. b3 Qc7 21. Kf1 Qc5
22. Qe1 Nxd5 23. Bxd5 Qxd5 24. Nxb4 Qb7 25. Qe4 O-O 26. Qxb7 Rxb7 27. Ke2 Rc8
28. Kd3 d5 29. Re1 Bf8 30. Nxd5 Rd8 31. c4 Rxb3+ 32. Kc2 Rb7 33. Rxe5 Bd6 34.
Re1 Bxh2 35. Rb4 Rxb4 36. Nxb4 Kf8 37. Kb3 Bc7 38. Ra1 Rd2 39. c5 Be5 40. Ra2
Rxa2 41. Nxa2 Bg3 42. Nb4 Be1 43. Nxa6 Bxa5 44. Ka4 Bd8 45. Kb5 Ke7 46. Kc6 g5
47. Nc7 h4 48. Nd5+ 1/2-1/2

[Event "2FoglarVeterans_SIM_B"]
[Site "?"]
[Date "2006.??.??"]
[Round "?"]
[White "Prchly, Milos"]
[Black "Leemans, Robert"]
[Result "0-1"]
[WhiteElo "2303"]
[BlackElo "2330"]
[PlyCount "44"]
[EventDate "2006.??.??"]
[EventType "corr"]
[SourceDate "2006.06.05"]

1. d4 d5 2. c4 c6 3. Nc3 Nf6 4. e3 e6 5. Nf3 Nbd7 6. Bd3 dxc4 7. Bxc4 b5 8. Bd3
Bd6 9. Qc2 Bb7 10. e4 e5 11. Bg5 h6 12. Bh4 O-O 13. O-O exd4 14. Nxd4 Qc7 15.
Kh1 b4 16. Nce2 Ng4 17. Nf5 g6 18. Nxd6 Qxd6 19. Bg3 Qe7 20. f4 Ne3 21. Qd2
Nxf1 22. Rxf1 Nc5 0-1